Super Smash Bros. - Wii Fit Universe - Statistics

General Stats
  • This quiz has been taken 21 times
  • The average score is 8 of 18
Answer Stats
Hint Answer % Correct
Trophies Wii Fit
100%
Fighters Wii Fit Trainer
100%
Spirits Wii Fit Trainer (Female)
100%
Spirits Wii Fit Trainer (Male)
100%
Stage Wii Fit Studio
71%
Spirits Tree
59%
Spirits Deep Breathing
41%
Spirits Sun Salutation
41%
Spirits Warrior
41%
Trophies Bridge
29%
Spirits Jackknife
29%
Spirits Wii Balance Board
29%
Trophies Super Hoop
24%
Spirits Arm & Leg Lift
18%
Spirits Dancer
18%
Trophies Gate
18%
Spirits Pet
18%
Trophies Wii Fit U Trainer
6%
No matching quizzes found
Score Distribution
Percent of People with Each Score
Percentile by Number Answered
Your Score History
You have not taken this quiz